| Tag |
First Indicator |
Second Indicator |
Subfields |
| LEADER |
00000cam a2200000 4500 |
| 001 |
in00000577783 |
| 005 |
20151014080022.0 |
| 008 |
770318s1956 enka b 00010 eng d |
| 035 |
|
|
|a (OCoLC)02814205
|
| 035 |
|
|
|9 ACP8336AM
|
| 040 |
|
|
|a CIN
|c CIN
|d m.c.
|d TXA
|d UtOrBLW
|
| 049 |
|
|
|a TXAM
|c [A10757614]
|
| 090 |
|
|
|a U35
|b .W47 1956
|
| 100 |
1 |
|
|a Webster, Graham,
|d 1915-2001.
|
| 245 |
1 |
4 |
|a The Roman army :
|b an illustrated study /
|c by Graham Webster.
|
| 264 |
|
1 |
|a Chester, Eng. :
|b Grosvenor Museum,
|c 1956.
|
| 300 |
|
|
|a 52 pages, 8 pages of plates :
|b illustrations ;
|c 22 cm.
|
| 336 |
|
|
|a text
|b txt
|2 rdacontent
|
| 337 |
|
|
|a unmediated
|b n
|2 rdamedia
|
| 338 |
|
|
|a volume
|b nc
|2 rdacarrier
|
| 504 |
|
|
|a Bibliography: pages 49-52.
|
| 651 |
|
0 |
|a Rome
|x History, Military.
|
| 651 |
|
0 |
|a Great Britain
|x Antiquities, Roman.
|
| 999 |
|
|
|a MARS
|
| 999 |
f |
f |
|s ebdc1e88-e435-37c3-916d-89c1b1f79803
|i 5752d43e-7a5f-3cb2-99f9-48d0316cf28a
|t 0
|
| 952 |
f |
f |
|p ric
|a Texas A&M University
|b Rellis Campus
|c Joint Library Facility
|d Remote Storage
|t 0
|e U35 .W47 1956
|h Library of Congress classification
|i unmediated -- volume
|m A14810757614
|
| 998 |
f |
f |
|a U35 .W47 1956
|t 0
|l Remote Storage
|